Cultura generale X - Statistics

Statistiche generali
  • Questo quiz è stato fatto 142 volte
  • Il punteggio medio è 9 su 15
Statistiche sulle risposte
Domanda Risposta % Corretto
Anno della caduta del muro di Berlino 1989
83%
La squadra che ha vinto più UEFA Champions League Real Madrid
82%
Nome del preside "Silente" in Harry Potter Albus
81%
Chi canta Azzurro (nome e cognome)? Adriano Celentano
73%
Che oggetto è la casa di Spongebob Ananas
73%
La capitale del Iran Teheran
73%
Formula del Monossido di carbonio CO
65%
Colore più raro nelle bandiere del mondo Viola
63%
Qual'è il film con più incassi in tutta la storia del cinema? Avatar
58%
Chi ha scritto "Sei personaggi in cerca d'autore" (nome e cognome)? Luigi Pirandello
55%
Qual'è l'animale più veloce del mondo (385 km/h)? Falco
50%
Qual'è la lingua con più parlanti madrelingua? Cinese Mandarino
48%
Completa il titolo: Pirati dei Caraibi - La __________ luna Maledizione della prima
39%
Quanti meridiani ci sono? 360
31%
Come si chiama il 3° libro della bibbia? Levitico
29%
Nessun quiz corrispondente trovato
Distribuzione punteggi
Percentuale di utenti per punteggio
Percentile per numero di risposta
I tuoi punteggi nel tempo
Non hai fatto questo quiz